<?xml version="1.0" encoding="UTF-8"?>
<record
    xmlns:xsi="http://www.w3.org/2001/XMLSchema-instance"
    xsi:schemaLocation="http://www.loc.gov/MARC21/slim http://www.loc.gov/standards/marcxml/schema/MARC21slim.xsd"
    xmlns="http://www.loc.gov/MARC21/slim">

  <leader>00617nam a22002057a 4500</leader>
  <controlfield tag="003">0</controlfield>
  <controlfield tag="005">20230829101536.0</controlfield>
  <controlfield tag="008">230829b        xxu||||| |||| 00| 0 eng d</controlfield>
  <datafield tag="020" ind1=" " ind2=" ">
    <subfield code="a">978-1-382-01646-9</subfield>
  </datafield>
  <datafield tag="050" ind1=" " ind2=" ">
    <subfield code="a">TR QD 40</subfield>
    <subfield code="b">.B993 2023</subfield>
  </datafield>
  <datafield tag="100" ind1=" " ind2=" ">
    <subfield code="a">Bylikin, Sergey</subfield>
  </datafield>
  <datafield tag="245" ind1=" " ind2=" ">
    <subfield code="a">Chemistry : course companion</subfield>
    <subfield code="c">Sergey Bylikin</subfield>
  </datafield>
  <datafield tag="250" ind1=" " ind2=" ">
    <subfield code="a">2023 edition</subfield>
  </datafield>
  <datafield tag="260" ind1=" " ind2=" ">
    <subfield code="a">Oxford, United Kingdom</subfield>
    <subfield code="b">Oxford University Press</subfield>
    <subfield code="c">c2023.</subfield>
  </datafield>
  <datafield tag="300" ind1=" " ind2=" ">
    <subfield code="a">xi, 709 pages : </subfield>
    <subfield code="b">col. ill. ;</subfield>
    <subfield code="c">28 cm. </subfield>
  </datafield>
  <datafield tag="500" ind1=" " ind2=" ">
    <subfield code="a">Chemistry. </subfield>
  </datafield>
  <datafield tag="504" ind1=" " ind2=" ">
    <subfield code="a">Includes bibliographical references and index. </subfield>
  </datafield>
  <datafield tag="650" ind1=" " ind2=" ">
    <subfield code="a">Chemistry. </subfield>
  </datafield>
  <datafield tag="942" ind1=" " ind2=" ">
    <subfield code="2">lcc</subfield>
    <subfield code="c">BK</subfield>
  </datafield>
  <datafield tag="999" ind1=" " ind2=" ">
    <subfield code="c">365217</subfield>
    <subfield code="d">365217</subfield>
  </datafield>
  <datafield tag="952" ind1=" " ind2=" ">
    <subfield code="0">0</subfield>
    <subfield code="1">0</subfield>
    <subfield code="2">lcc</subfield>
    <subfield code="4">0</subfield>
    <subfield code="a">LUX</subfield>
    <subfield code="b">LUX</subfield>
    <subfield code="c">TR</subfield>
    <subfield code="d">2023-08-29</subfield>
    <subfield code="e">Library Fund</subfield>
    <subfield code="l">3</subfield>
    <subfield code="m">2</subfield>
    <subfield code="o">TR QD 40 .B993 2023</subfield>
    <subfield code="p">21024</subfield>
    <subfield code="r">2025-06-17 00:00:00</subfield>
    <subfield code="s">2024-12-17</subfield>
    <subfield code="w">2023-08-29</subfield>
    <subfield code="y">BK</subfield>
  </datafield>
</record>
